书目信息 |
| 题名: |
中国历代年号考
|
|
| 作者: | 李崇智 编 | |
| 分册: | ||
| 出版信息: | 北京 中华书局 1981 |
|
| 页数: | 244页 | |
| 开本: | 19cm | |
| 丛书名: | ||
| 单 册: | ||
| 中图分类: | K208 | |
| 科图分类: | ||
| 主题词: | 中国--通史 | |
| 电子资源: | ||
| ISBN: | ||
| 000 | 00617nam0 2200241 45 | |
| 001 | 0181009863 | |
| 005 | 20040505163750.7 | |
| 010 | @dCNY1.35 | |
| 091 | @a11018.887 | |
| 100 | @a19950613d1981 em y0chiy0121 ea | |
| 101 | 0 | @achi |
| 102 | @aCN@b110000 | |
| 105 | @ay z 000yy | |
| 106 | @ar | |
| 200 | 10 | @a中国历代年号考@Azhong guo li dai nian hao kao@f李崇智编 |
| 210 | @a北京@c中华书局@d1981 | |
| 215 | @a244页@d19cm | |
| 606 | 0 | @a中国@x通史 |
| 690 | @aK208 | |
| 701 | 0 | @a李崇智@Ali chong zhi@4编 |
| 801 | 0 | @aCN@b上海图书馆@c20040505 |
| 801 | 2 | @aCN@bNLC@c20040505 |
| 905 | @f5@b146089-093@dK208@e10 | |
| 中国历代年号考/李崇智编.-北京:中华书局,1981 |
| 244页;19cm |
| ISBN :CNY1.35 |
| ● |
| 相关链接 |
|
|
|
|
正题名:中国历代年号考
索取号:K208/10
 
预约/预借
| 序号 | 登录号 | 条形码 | 馆藏地/架位号 | 状态 | 备注 |
| 1 | 0146089 | 001278254 | 第二借阅区/ [索取号:K208/10] | 在馆 | |
| 2 | 0146090 | 001278272 | 第二借阅区/ [索取号:K208/10] | 在馆 | |
| 3 | 0146091 | 001278236 | 第二借阅区/ [索取号:K208/10] | 在馆 | |
| 4 | 0146092 | 001278281 | 第二借阅区/ [索取号:K208/10] | 在馆 | |
| 5 | 0146093 | 001278245 | 第二借阅区/ [索取号:K208/10] | 在馆 | |
| 6 | 0146094 | 001278263 | 第二样本阅览室/ [索取号:K208/10] | 在馆 |